Aprendiendo (Record no. 204687)

MARC details
000 -CABECERA
campo de control de longitud fija 00831nam a2200265 u 4500
005 - FECHA Y HORA DE LA ÚLTIMA TRANSACCIÓN
campo de control 20240924071318.0
008 - ELEMENTOS DE LONGITUD FIJA--INFORMACIÓN GENERAL
campo de control de longitud fija 190903s2001 sp r 000 0 spa d
020 ## - NÚMERO INTERNACIONAL NORMALIZADO PARA LIBROS
Número Internacional Estándar del Libro 8426117333
035 ## - NÚMERO DE CONTROL DEL SISTEMA
Número de control de sistema UPN01000232592
040 ## - FUENTE DE LA CATALOGACIÓN
Centro catalogador/agencia de origen MX-MxUPN
Lengua de catalogación spa
Centro/agencia transcriptor MX-MxUPN
050 ## - SIGNATURA TOPOGRÁFICA DE LA BIBLIOTECA DEL CONGRESO
Número de clasificación LB1140.35 P53
Número de documento/Ítem O95 2001
100 1# - ASIENTO PRINCIPAL--NOMBRE PERSONAL
Nombre de persona Oxenbury, Helen,
Fechas asociadas al nombre 1938-
9 (RLIN) 29786
245 10 - MENCIÓN DE TÍTULO
Título Aprendiendo
250 ## - MENCIÓN DE EDICIÓN
Mención de edición Quinta edición
260 ## - PUBLICACIÓN, DISTRIBUCIÓN, ETC.
Lugar de publicación, distribución, etc. Madrid, España :
Nombre del editor, distribuidor, etc. Editorial Juventud,
Fecha de publicación, distribución, etc. 2001.
300 ## - DESCRIPCIÓN FÍSICA
Extensión 1 volumen (sin paginación) :
Otras características físicas ilustraciones a color
490 ## - MENCIÓN DE SERIE
Mención de serie Los libros del chiquitín
650 #0 - ASIENTO SECUNDARIO DE MATERIA - TERMINO TEMATICO
9 (RLIN) 47363
Término de materia o nombre geográfico como elemento de entrada Libros ilustrados para niños
Subdivisión general Aspectos educativos
650 #0 - ASIENTO SECUNDARIO DE MATERIA - TERMINO TEMATICO
9 (RLIN) 47368
Término de materia o nombre geográfico como elemento de entrada Libros para bebés
650 #4 - ASIENTO SECUNDARIO DE MATERIA - TERMINO TEMATICO
Término de materia o nombre geográfico como elemento de entrada Literatura infantil
9 (RLIN) 4445
902 ## - ELEMENTOS DE DATOS B LOCAL, LDB (RLIN)
Creó NoemiAcosta/161122
905 ## - TIPO DE MATERIAL
Tipo de material Infaltil
942 ## - ELEMENTOS DE PUNTO DE ACCESO ADICIONAL (KOHA)
Fuente del sistema de clasificación o colocación Library of Congress Classification
Tipo de ítem Koha Libro
Holdings
Estado de retiro Estado de pérdida Fuente del sistema de clasificación o colocación Estado dañado No para préstamo Código de colección Localización permanente Ubicación/localización actual Ubicación en estantería Fecha de adquisición Clasificación Código de barras Fecha visto por última vez Número de copia Tipo de ítem Koha
    Library of Congress Classification     Infantil Bib. Gregorio Torres Quintero Bib. Gregorio Torres Quintero Sala infantil Planta baja 16/11/2022 LB1140.35 P53 O95 2001 326451 31/12/2020 Ej.2 Libro
    Library of Congress Classification     Infantil Bib. Gregorio Torres Quintero Bib. Gregorio Torres Quintero Sala infantil Planta baja 16/11/2022 LB1140.35 P53 O95 2001 326450 31/12/2020   Libro